000 00732nam a2200217Ii 4500
003 JO-AjNU
008 230605s9999||||xx |||||||||||||| ||und||
017 _a2004/10/2573
040 _aJO-AjNU
_bara
_erda
_cJO-AjNU
041 _aara
050 1 4 _aPC2129.A7.A42 2005
100 3 _aالبرقوني,عدلي تأليف,
_eauthor
_938210
245 0 0 _aتعلم الفرنسية: دليلك في السياحة والسفر والتسوق والعمل
250 _aط1
264 3 1 _aعمان:دار عالم الثقافة,2004
300 _a80ص
336 _atext
_btxt
_2rdacontent
337 _aunmediated
_bn
_2rdamedia
338 _avolume
_bnc
_2rdacarrier
650 4 _aاللغة الفرنسية-التعليم
_938211
999 _aA16034
_c19602
_d19602